000 00333nam a22001337a 4500
008 260312b ||||| |||| 00| 0 eng d
020 _a9781899066520
041 _aeng
080 _a2.1
100 _a02
101 _amek
245 _aSurgery for Asquired Aortic Valve Disease
_cArmand Piwnica , Stephen Westaby
942 _2udc
_cBK
999 _c60888
_d60888